| 000 | 01130cam a22002894a 4500 | ||
|---|---|---|---|
| 001 | 13455922 | ||
| 003 | NUST-PNEC | ||
| 005 | 20170116180727.0 | ||
| 008 | 040113s2004 ne a 001 0 eng | ||
| 010 | _a 2004040238 | ||
| 020 | _a075067606X | ||
| 040 |
_aDLC _cPNEC |
||
| 042 | _apcc | ||
| 050 | 0 | 0 |
_aQA76.765 _b.G36 2004 |
| 082 | 0 | 0 | _a004.2 GAN |
| 100 |
_9942 _aGanssle Jack |
||
| 245 | 0 | 4 |
_aThe Firmware handbook / _cedited by Jack Ganssle. |
| 260 |
_aAmsterdam ; _aBoston, Mass. : _bNewnes, _c2004. |
||
| 300 |
_axvi, 365 p. : _bill. ; _c24 cm. |
||
| 440 | 0 | _aEmbedded technology series | |
| 500 | _aIncludes index. | ||
| 650 | 0 |
_aComputer firmware. _vHandbook _xMIS, Computer |
|
| 856 | 4 | 1 | _uhttp://www.amazon.com/Firmware-Handbook-Embedded-Technology/dp/075067606X/ref=sr_1_1?s=books&ie=UTF8&qid=1415346170&sr=1-1&keywords=075067606X |
| 906 |
_a7 _bcbc _corignew _d1 _eocip _f20 _gy-gencatlg |
||
| 942 |
_2ddc _cBK |
||
| 999 |
_c61665 _d61665 |
||